Loading...
| Beliefs | 0 | 7 | 0 | 0 | 70 | 77 | 103.71 | 4 | 7 | 0.00 | 0.00 |
| 0 | 6 | 0 | 0 | 60 | 94 | 128.33 | 2 | 6 | 0.00 | 0.00 | |
| Fine Arts - Visual | 0 | 6 | 0 | 1 | 60 | 76 | 106.17 | 2 | 6 | 0.00 | 0.00 |
| History - American | 1 | 3 | 0 | 0 | 45 | 71 | 101.75 | 2 | 4 | 0.00 | 0.00 |
| Literature - British | 0 | 5 | 1 | 0 | 45 | 100 | 121.40 | 0 | 5 | 0.00 | 0.00 |
| Literature - European | 0 | 4 | 0 | 0 | 40 | 96 | 112.00 | 0 | 4 | 0.00 | 0.00 |
| Fine Arts - Auditory | 1 | 3 | 1 | 1 | 40 | 54 | 101.75 | 2 | 4 | 0.00 | 0.00 |
| Philosophy | 1 | 2 | 0 | 0 | 35 | 59 | 97.67 | 1 | 3 | 0.00 | 0.00 |
| Other Arts: Visual | 0 | 3 | 0 | 0 | 30 | 101 | 111.33 | 0 | 3 | 0.00 | 0.00 |
| History - European | 0 | 3 | 0 | 0 | 30 | 93 | 112.67 | 1 | 3 | 0.00 | 0.00 |
| Literature - American | 0 | 3 | 0 | 1 | 30 | 110 | 122.67 | 0 | 3 | 0.00 | 0.00 |
| Science - Biology | 0 | 3 | 0 | 0 | 30 | 81 | 116.00 | 1 | 3 | 0.00 | 0.00 |
| Science - Physics | 0 | 3 | 0 | 0 | 30 | 79 | 106.00 | 2 | 3 | 0.00 | 0.00 |
| Other Arts: Auditory | 0 | 2 | 0 | 0 | 20 | 108 | 111.00 | 1 | 2 | 0.00 | 0.00 |
| Science - Chemistry | 0 | 2 | 1 | 0 | 15 | 82 | 91.00 | 1 | 2 | 0.00 | 0.00 |
| Other Science: Astronomy | 1 | 0 | 0 | 0 | 15 | 68 | 68.00 | 0 | 1 | 0.00 | 0.00 |
| History - World | 0 | 2 | 1 | 0 | 15 | 107 | 124.00 | 0 | 2 | 0.00 | 0.00 |
| Chemistry> | 0 | 1 | 0 | 0 | 10 | 112 | 112.00 | 0 | 1 | 0.00 | 0.00 |
| Geography | 0 | 1 | 0 | 0 | 10 | 114 | 114.00 | 0 | 1 | 0.00 | 0.00 |
| Social Science | 0 | 2 | 3 | 0 | 5 | 86 | 103.50 | 1 | 2 | 0.00 | 0.00 |
| Other Science: Computer Science | 0 | 0 | 1 | 0 | -5 | 0.00 | 0 | 0 | 0.00 | 0.00 | |
| Other Science: Math | 0 | 0 | 1 | 0 | -5 | 0.00 | 0 | 0 | 0.00 | 0.00 |